A Creative step-by-step Guide to Garden Projects / (Record no. 36602)

MARC details
000 -LEADER
fixed length control field 00403nam a22001577a 4500
005 - DATE AND TIME OF LATEST TRANSACTION
control field 20241002102137.0
008 - FIXED-LENGTH DATA ELEMENTS--GENERAL INFORMATION
fixed length control field 241002b |||||||| |||| 00| 0 eng d
082 ## - DEWEY DECIMAL CLASSIFICATION NUMBER
Classification number 635.967
Item number LAW-A
100 ## - MAIN ENTRY--AUTHOR
Author Name Lawrence Mike
245 ## - TITLE STATEMENT
Title A Creative step-by-step Guide to Garden Projects /
260 ## - PUBLICATION, DISTRIBUTION, ETC.
Place of Publication Singapur
Name of publisher, distributor, etc. Anness
Date of publication, distribution, etc. 1996
300 ## - PHYSICAL DESCRIPTION
Pages 92p.
650 ## - SUBJECT ADDED ENTRY--TOPICAL TERM
Subject / Department art & design
300 ## - PHYSICAL DESCRIPTION
-- ill;
-- 27cm
952 ## - LOCATION AND ITEM INFORMATION (KOHA)
-- 0
-- 0
Holdings
Lost status Damaged status Collection code Permanent Location Current Location Shelving Location Date acquired Full Call Number Accession No./Barcode Date last seen item type Koha item type
    Architecture Superior Information Resource Center (SIRC) Superior University- Central Library Superior Information Resource Center (SIRC) Superior University- Central Library Art & Design 10/02/2024 635.967 LAW-A 1996 29436 10/02/2024 BOOK BOOK

Powered by Koha